Management udržitelnosti národních geoparků v České republice

Manažment udržateľnosti a jeho kľúčové koncepty. Trendy rozvoja geoparkov a geoturizmu. Identifikácia kľúčových procesov manažmentu udržateľnosti národných geoparkov. Kritériá hodnotenia pri certifikácii národných geoparkov v Českej republike. Principiálne súčasti hodnotenia národného geoparku v ČR....

Full description

Saved in:
Bibliographic Details
Main Author: Pásková, Martina
Format: Book Chapter
Language:Czech
Subjects:
Tags: Add Tag
No Tags, Be the first to tag this record!

MARC

LEADER 00000naa a2200000 4500
001 0249993
005 20190110124638.2
041 0 |a cze 
044 |a CZ 
245 1 0 |a Management udržitelnosti národních geoparků v České republice  |c Martina Pásková 
520 |a Manažment udržateľnosti a jeho kľúčové koncepty. Trendy rozvoja geoparkov a geoturizmu. Identifikácia kľúčových procesov manažmentu udržateľnosti národných geoparkov. Kritériá hodnotenia pri certifikácii národných geoparkov v Českej republike. Principiálne súčasti hodnotenia národného geoparku v ČR. Proces hodnotenia a certifikácie národného geoparku v ČR. Revalidácia národného geoparku. Manažment udržateľnosti národných geoparkov. 
610 2 0 |a ruch cestovný 
610 2 0 |a geológia 
610 2 0 |a ochrana prírody 
610 2 0 |a ochrana prostredia životného 
610 2 0 |a manažment 
610 2 0 |a rozvoj trvalo udržateľný 
610 2 0 |a riadenie strategické 
610 2 0 |a certifikácia 
610 2 0 |a parky národné 
610 2 0 |a dedičstvo 
610 2 0 |a Česko 
100 1 |a Pásková, Martina